Education in India (Record no. 6395)

MARC details
000 -LEADER
fixed length control field 00971 a2200229 4500
005 - DATE AND TIME OF LATEST TRANSACTION
control field 20080828151457.0
008 - FIXED-LENGTH DATA ELEMENTS--GENERAL INFORMATION
fixed length control field 080828t xxu||||| |||| 00| 0 eng d
010 ## - LIBRARY OF CONGRESS CONTROL NUMBER
LC control number ENG-87383
020 ## - INTERNATIONAL STANDARD BOOK NUMBER
International Standard Book Number 8175413504
Terms of availability 750.00
035 ## - SYSTEM CONTROL NUMBER
System control number EN-70916
037 ## - SOURCE OF ACQUISITION
Source of stock number/acquisition D.B.Act / Pub
082 ## - DEWEY DECIMAL CLASSIFICATION NUMBER
Classification number 370.954
245 ## - TITLE STATEMENT
Title Education in India
Statement of responsibility, etc edited by Marmar Mukhopadhyay and Madhu Parhar
Remainder of title dynamics of development
260 ## - PUBLICATION, DISTRIBUTION, ETC. (IMPRINT)
Place of publication, distribution, etc Delhi
Name of publisher, distributor, etc Shipra Publications
Date of publication, distribution, etc 2007
270 ## - ADDRESS
Address 115-A, Vikas Marg, Shakarpur,
City Delhi
Postal code 110092
Telephone number 011-65277210, 011-22500954
Fax number 91-11-22458662
Electronic mail address info@shiprapublications.com
300 ## - PHYSICAL DESCRIPTION
Extent 344 p.
Dimensions 21 cm. (Hb).
500 ## - GENERAL NOTE
General note Includes bibliographical references and index
700 ## - ADDED ENTRY--PERSONAL NAME
Personal name Mukhopadhyay, Marmar
700 ## - ADDED ENTRY--PERSONAL NAME
Personal name Parhar, Madhu
942 ## - ADDED ENTRY ELEMENTS (KOHA)
Institution code [OBSOLETE] dpl
Koha item type English Books
Call number prefix 370.954 / EDU
Source of classification or shelving scheme Dewey Decimal Classification
Classification part 370.954
Call number suffix EDU
Holdings
Withdrawn status Lost status Damaged status Not for loan Home library Current library Date acquired Cost, normal purchase price Total Checkouts Full call number Barcode Date last seen Copy number Uniform Resource Identifier Cost, replacement price Price effective from Koha item type
        D.B.Act.Division D.B.Act.Division 28/08/2008 750.00   370.954 EDU EN-70916 15/09/2008 1 6881 750.00 15/09/2008 English Books

© Delhi Public Library
Hit Counter
free hit counter